Flags of Modern-Day Countries (1900) - Statistics

General Stats
  • This quiz has been taken 53 times
    30 since last reset
  • The average score is 53 of 128
Answer Stats
Picture Answer % Correct
Luxembourg
100%
Chile
95%
Philippines
90%
Croatia
86%
Austria
67%
Brazil
67%
Colombia
67%
Denmark
67%
India
67%
Peru
67%
Russia
67%
Thailand
67%
Turkey
67%
Canada
62%
China
62%
Hungary
62%
Paraguay
62%
Serbia
62%
Uruguay
62%
Venezuela
62%
Ecuador
57%
Japan
57%
Lithuania
57%
Montenegro
57%
Netherlands
57%
Qatar
57%
Romania
57%
United States
57%
Argentina
52%
Guatemala
52%
Haiti
52%
Ireland
52%
Laos
52%
Nepal
52%
San Marino
52%
Andorra
48%
Belgium
48%
Bulgaria
48%
Cambodia
48%
Costa Rica
48%
Dominican Republic
48%
DR Congo
48%
Fiji
48%
France
48%
Germany
48%
Greece
48%
Honduras
48%
Iran
48%
Italy
48%
Liberia
48%
Malta
48%
Mexico
48%
Nicaragua
48%
Northern Nigeria
48%
Norway
48%
Portugal
48%
Spain
48%
Sweden
48%
Switzerland
48%
Tunisia
48%
United Kingdom
48%
Vatican City (Rome)
48%
Bahamas
43%
Bahrain
43%
Bolivia
43%
Egypt
43%
Estonia
43%
Eswatini
43%
Korea
43%
Monaco
43%
New Zealand
43%
Poland
43%
Vietnam
43%
Afghanistan
38%
Barbados
38%
Brunei
38%
Gambia
38%
Ghana
38%
Liechtenstein
38%
Malaysia
38%
Moldova
38%
Saint Vincent and the Grenadines
38%
Southern Nigeria
38%
Ukraine
38%
El Salvador
33%
Ethiopia
33%
Jamaica
33%
Kenya
33%
Libya
33%
Oman
33%
Saudi Arabia
33%
Sierra Leone
33%
Singapore
33%
Algeria
29%
Burundi/Cameroon/Marshall Islands/Micronesia/Palau/Tanzania/Togo/Rwanda
29%
Finland
29%
Uzbekistan
29%
Slovenia
24%
Belize
19%
Bosnia and Herzegovina
19%
Czech Republic
19%
East Timor
19%
Kazakhstan
19%
Latvia
19%
Mauritius
19%
Morocco
19%
Sri Lanka
19%
Vanuatu
19%
Antigua and Barbuda/Barbados/Dominica/Grenada/Saint Kitts and Nevis/Trinidad and Tobago
14%
Armenia
14%
Azerbaijan
14%
Cyprus
14%
Georgia
14%
Guyana
14%
Malawi
14%
Maldives
14%
Slovakia
14%
South Africa
14%
Trinidad and Tobago
14%
Turkmenistan
14%
Belarus
10%
Grenada
10%
Guinea-Bissau
10%
Iceland
10%
Kyrgryzstan/Tajikistan
10%
Zambia/Zimbabwe
10%
Bangladesh
5%
Saint Lucia
5%
No matching quizzes found
Score Distribution
Percent of People with Each Score
Percentile by Number Answered
Your Score History
You have not taken this quiz since the last reset